Management of information technology / (Record no. 320)
[ view plain ]
| 000 -LEADER | |
|---|---|
| fixed length control field | 00566cac a22001811u 4500 |
| 008 - FIXED-LENGTH DATA ELEMENTS--GENERAL INFORMATION | |
| fixed length control field | 081108s2004 at |||||r|||| 00| 0 eng d |
| 010 ## - LIBRARY OF CONGRESS CONTROL NUMBER | |
| LC control number | 96116189 |
| 020 ## - INTERNATIONAL STANDARD BOOK NUMBER | |
| International Standard Book Number | 0789504138 |
| 020 ## - INTERNATIONAL STANDARD BOOK NUMBER | |
| International Standard Book Number | 9812435492 |
| 082 00 - DEWEY DECIMAL CLASSIFICATION NUMBER | |
| Classification number | 004/.068 |
| Item number | F879 |
| Edition number | 22 |
| 245 10 - TITLE STATEMENT | |
| Title | Management of information technology / |
| Statement of responsibility, etc | Carroll W. Frenzel, John C. Frenzel |
| 250 ## - EDITION STATEMENT | |
| Edition statement | 4th ed. |
| 260 ## - PUBLICATION, DISTRIBUTION, ETC. (IMPRINT) | |
| Place of publication, distribution, etc | Australia : |
| Name of publisher, distributor, etc | Thomson., |
| Date of publication, distribution, etc | 2004. |
| 300 ## - PHYSICAL DESCRIPTION | |
| Extent | xxiv, 600 p. : |
| Other physical details | ill. ; |
| Dimensions | 24 cm. |
| 650 #0 - SUBJECT ADDED ENTRY--TOPICAL TERM | |
| Topical term or geographic name as entry element | Information technology |
| General subdivision | Management. |
| 9 (RLIN) | 33329 |
| 700 ## - ADDED ENTRY--PERSONAL NAME | |
| Relator code | Frenzel, John C. |
| 9 (RLIN) | 33330 |
| 942 ## - ADDED ENTRY ELEMENTS (KOHA) | |
| Item type | Book - Borrowing |
| Call number prefix | 004.068F879 |
| Source of classification or shelving scheme | Dewey Decimal Classification |
| Withdrawn status | Item status | Damaged status | Not for loan | Home library | Current library | Shelving location | Date acquired | Source of acquisition | Total Checkouts | Full call number | Barcode | Date last seen | Koha item type |
|---|---|---|---|---|---|---|---|---|---|---|---|---|---|
| Central Library | Central Library | Lower Floor | 01/03/2006 | Purchase | 004.068 FRE | 000004340 | 15/07/2025 | Book - Borrowing |